| 000 | 01003nam a2200289 i 4500 | ||
|---|---|---|---|
| 001 | 000047752 | ||
| 003 | DO-SdBNP | ||
| 005 | 20260317094517.0 | ||
| 007 | ta | ||
| 008 | 090706s2011 dr a r 000 0 spa d | ||
| 040 |
_aDO-SdBNP _bspa _cBNPHU _erda |
||
| 041 | _aspa | ||
| 082 | 4 |
_a331.12 _bM553t 2011 _222 |
|
| 245 | 0 | 0 | _aMercado de trabajo 2011. |
| 264 | 1 |
_aSanto Domingo : _bBanco Central de la República Dominicana, _c2011?. |
|
| 300 |
_a194 p.áginas : _bilustraciones, gráficos ; _c21 cm. |
||
| 336 |
_atexto _btxt _2rdacontent |
||
| 337 |
_asin mediación _bn _2rdamedia |
||
| 338 |
_avolumen _bnc _2rdacarrier |
||
| 590 | _aInventariado, 2018/VM | ||
| 650 | 7 |
_aMercado de trabajo _zRepública Dominicana _y2011 _2LIBRUNAM _919058 |
|
| 650 | 7 |
_aMercado de trabajo _zRepública Dominicana _y2011 _vEstadísticas _2LIBRUNAM _919058 |
|
| 650 | 4 |
_aEmpleo _y2011 _975356 |
|
| 710 | 2 |
_aBanco Central de la República Dominicana _983405 |
|
| 910 | _aValidado. Control de calidad MFF | ||
| 942 |
_2ddc _cLBS1 |
||
| 999 |
_c47240 _d47240 |
||